| 000 | 00559nam a22001697a 4500 | ||
|---|---|---|---|
| 005 | 20251108164243.0 | ||
| 008 | 250721s1987 xx 000 0 ara d | ||
| 082 | 1 | 4 | _a350/عبد |
| 100 | 1 | _aعساف، عبد المعطي محمد | |
| 245 | 1 | 0 |
_aإدارة المشروعات العامة : _bدراسة تحليلية / |
| 264 | 1 |
_aعمان : _bدار مجدلاوي للنشر والتوزيع، _c1987. |
|
| 300 | _a380ص | ||
| 650 | 1 | 7 | _aالإدارة العامة |
| 650 | 1 | 7 | _aالمشاريع الحكومية |
| 942 |
_2ddc _cBK |
||
| 999 |
_c7553 _d7553 |
||